|
|
|
|
| LEADER |
00000nas a2200000 a 4500 |
| 001 |
ssj0014542 |
| 003 |
WaSeSS |
| 005 |
20200512172242.0 |
| 006 |
m d |
| 007 |
cr n |
| 008 |
040924c19379999vauqr pss 0 a0eng c |
| 010 |
|
|
|a 2004214880
|
| 016 |
|
|
|a 000022277950
|2 AU
|
| 022 |
|
|
|a 1553-6467
|l 0002-9459
|y 0002-9459
|
| 035 |
|
|
|a (WaSeSS)ssj0014542
|
| 037 |
|
|
|b American Association of Colleges of Pharmacy, 1426 Prince St., Alexandria, VA 22314
|
| 040 |
|
|
|a OUN
|b eng
|c OUN
|d OCLCQ
|d NSD
|d OCL
|d SBH
|d KSU
|d OCLCQ
|d OCLCF
|d OCLCQ
|d BUF
|d AU@
|d OCLCO
|d WYU
|d AUD
|d VT2
|d U3W
|d WaSeSS
|
| 042 |
|
|
|a nsdp
|a pcc
|
| 043 |
|
|
|a n-us---
|
| 050 |
1 |
4 |
|a RS110
|
| 060 |
0 |
0 |
|a W1
|b AM498C
|
| 082 |
1 |
0 |
|a 615
|2 13
|
| 130 |
0 |
|
|a American journal of pharmaceutical education (Online)
|
| 210 |
0 |
|
|a Am. j. pharm. educ.
|b (Online)
|
| 222 |
|
0 |
|a American journal of pharmaceutical education
|b (Online)
|
| 245 |
1 |
0 |
|a American journal of pharmaceutical education
|h [electronic resource].
|
| 260 |
|
|
|a Alexandria, Va. :
|b American Association of Colleges of Pharmacy
|
| 310 |
|
|
|a Quarterly
|
| 362 |
1 |
|
|a Print began with v. 1 (Jan. 1937).
|
| 506 |
|
|
|a License restrictions may limit access.
|
| 515 |
|
|
|a Some volumes accompanied by supplements.
|
| 538 |
|
|
|a Mode of access: World Wide Web; may require Adobe Acrobat Reader.
|
| 588 |
|
|
|a Description based on print version record.
|
| 588 |
|
|
|a Latest issue consulted: Vol. 72 (2) (Apr. 15, 2008) (PubMed Central, viewed May 29, 2008).
|
| 650 |
|
0 |
|a Pharmacy
|x Study and teaching
|z United States
|v Periodicals.
|
| 650 |
|
7 |
|a Pharmacy
|x Study and teaching.
|2 fast
|0 (OCoLC)fst01060330
|
| 650 |
1 |
2 |
|a Education, Pharmacy
|z United States
|v Periodicals.
|
| 651 |
|
7 |
|a United States.
|2 fast
|0 (OCoLC)fst01204155
|
| 655 |
|
0 |
|a Electronic journals.
|
| 710 |
2 |
|
|a American Association of Colleges of Pharmacy.
|
| 776 |
1 |
|
|t American journal of pharmaceutical education
|x 0002-9459
|w (DLC) 39006829
|w (OCoLC)1480171
|
| 856 |
4 |
0 |
|z Full text available from Research Library: 01/01/1998 to present
|u https://search.proquest.com/publication/41120
|